[Event "Nahariagun op 21st"]
[Site "Nahariagun"]
[Date "2023.10.22"]
[Round "2"]
[White "Monjit, Taw"]
[Black "Pikuto, Chishi"]
[Result "1/2-1/2"]
[WhiteElo "2030"]
[BlackElo "1375"]
[PlyCount "126"]
[EventDate "2023.10.21"]
[EventType "swiss"]
[EventRounds "9"]
[EventCountry "IND"]
[SourceTitle "Mega2024 Update 01"]
[Source "Chessbase"]
[SourceDate "2023.11.12"]
[SourceVersion "1"]
[SourceVersionDate "2023.11.12"]
[SourceQuality "1"]

1. Nf3 Nf6 2. g3 e6 3. Bg2 d5 4. d4 c5 5. c3 h6 6. 0-0 Nc6 7. Nbd2 cxd4 8. cxd4 Bd6 9. Re1 Bd7 10. e4 dxe4 11. Nxe4 Nxe4 12. Rxe4 Ne7 13. Ne5 Bxe5 14. dxe5 Bc6 15. Rd4 Qc7 16. Qe2 Bxg2 17. Kxg2 0-0 18. Rc4 Qd7 19. Rg4 Qd5+ 20. Kg1 Nf5 21. Re4 Rad8 22. f3 Qd1+ 23. Kg2 Rd5 24. g4 Ne7 25. Qe1 Ng6 26. Be3 Qc2+ 27. Kg3 Nxe5 28. Bxa7 Qc7 29. f4 Nd3 30. Qc3 Qd7 31. Rd4 Nxf4 32. Qe3 Rxd4 33. Bxd4 Qxd4 34. Qxf4 Qxb2 35. Rf1 Qxa2 36. g5 h5 37. g6 Qd5 38. gxf7+ Kh7 39. Rf3 b5 40. Qb4 Qd8 41. Qe4+ g6 42. Qxe6 Qg5+ 43. Kf2 Kg7 44. h3 h4 45. Qa2 Qe5 46. Qa7 b4 47. Qb7 Qd4+ 48. Kg2 Qd2+ 49. Kf1 Qd1+ 50. Kf2 b3 51. Qxb3 Qxb3 52. Rxb3 Rxf7+ 53. Kg2 Kh6 54. Rb2 Rf5 55. Ra2 Rc5 56. Rb2 Kg5 57. Ra2 Rc4 58. Kf3 Rc3+ 59. Kg2 Rg3+ 60. Kh2 Re3 61. Kg2 Kf4 62. Ra4+ Re4 63. Ra2 g5 1/2-1/2